UITU Library & LRC     

Change and Habit Challenge and Four Time (Record no. 18869)

MARC details
000 -LEADER
fixed length control field 00304nam a2200121Ia 4500
008 - FIXED-LENGTH DATA ELEMENTS--GENERAL INFORMATION
fixed length control field 241002s9999 xx 000 0 und d
082 ## - DEWEY DECIMAL CLASSIFICATION NUMBER
Classification number 152.33 TOY
100 ## - MAIN ENTRY--PERSONAL NAME
Personal name Toynbee, Arndd J.
245 #0 - TITLE STATEMENT
Title Change and Habit Challenge and Four Time
260 ## - PUBLICATION, DISTRIBUTION, ETC.
Place of publication, distribution, etc. New York:
Date of publication, distribution, etc. 1966
600 ## - SUBJECT ADDED ENTRY--PERSONAL NAME
Personal name Philosophy
942 ## - ADDED ENTRY ELEMENTS (KOHA)
Koha item type Usman Collection
Holdings
Withdrawn status Lost status Damaged status Not for loan Home library Current library Date acquired Total checkouts Full call number Barcode Date last seen Price effective from Koha item type
        UITU Library UITU Library 01/01/1994   152.33 TOY UC542 10/02/2024 10/02/2024 Usman Collection

Powered by Koha